000 00547cam a2200169 4500
008 120405n 000 0 eng u
020 _a9042011750
035 _a(Sirsi) a175834
050 _aPR 111.C2 STU 2003
100 _aSturgess, Charlotte
245 _aRedifining the Subject:
_bSites of Play in Canadian Women's Writing/
_cby Charlotte Sturgess
260 _aAmsterdam:
_bRodopi,
_c2003.
300 _a158p.
504 _aIncludes bibliographical references
650 _aWomen Authors, Canadian
650 _aCanadian Women Authors
999 _c117606
_d117606